Регионална библиотека "Любен Каравелов" - Русе

Библията на Дявола (Запис номер 190982)

MARC детайли
000 -Лидер
Контролно поле с фиксирана дължина 01341nam a2200349 c 4500
003 - Код на организацията, давaща контролен номер
Контролно поле BLK
005 - Дата и час на последна редакция
Контролно поле 20250725170615.0
008 - Елементи от данни с фиксирана дължина
fixed length control field 180411b bul|||||r ||||||| ||bul||
010 ## - Наследен системен номер
LC control number KNG00200134000
020 ## - Международен стандартен номер на книга ISBN
Международен стандартен номер на книга ISBN 978-619-164-223-6
-- издат.: Enthusiast
040 ## - Източник на каталожния запис
Идентификатор на билиотеката - собственик на записа BLK
041 ## - Код за език
Код за езика на текст/звукозапис или на отделно заглавие Български
Код за езика КДБФ Български
072 #7 - Код за тематичната категория
Код организация bullib
Код за тематична категория Н83
Текст Чужда художествена литература Н
080 ## - УДК
Текстов определител УДК Немска литература
УДК код - определител по УДК 821.112.2
УДК определител -311.6
УДК - код + определител 821.112.2-311.6
100 1# - Редна дума - Автор
Автор Дюбел, Рихард
Авторска отговорност първи автор
R(LIN) 66124
139 ## - Редно поле
Редна дума Дюбел, Рихард
Авторски знак Дю - Д 97
245 10 - Сведения за заглавието
Заглавие Библията на Дявола
Подзаглавни данни Ист. роман
Редно поле (дума) Рихард Дюбел; прев. Людмила Маринова Костова.
257 ## - Страна на издаване
Страна на създаване/издаване Германия
260 ## - Област на издателските данни
-- София
Име на издателя, разпространителя и проч. Enthusiast
Година на издаване 2016
Печатница Добрич : Фолиарт
300 ## - Физическа характеристика
Страници 663 с.
Размери/Мащаб 24 см
380 ## - Жанр
Жанр Худож. лит.
500 ## - Общи забележки
Забележка Ориг. загл. Die Teufelsbibel / Richard Dubell.
653 ## - Ключова дума – ненормативна
Ключова дума исторически романи
659 ## - Тематичен бюлетин
Тематичен бюлетин Н
700 ## - Други автори (авторска отговорност)
Лично име Костова, Людмила Маринова
9 (RLIN) 366797
852 ## - Местоположение
Форматна сигнатура Цб 284253
856 4# - Електронен адрес и достъп
Електронен формат pdf - файл
Път до файла /url/
856 4# - Електронен адрес и достъп
Електронен формат pdf - файл
Път до файла /url/
942 ## - АРТИКУЛИ
Вид на библиотечния материал Книги
Скрит в OPAC Не
Koha issues (borrowed), all copies 12
944 ## - СЪЗДАВАНЕ И РЕДАКЦИЯ на ЗАПИСА
Създаване/Редакция Създаване
Дата на регистрацията/редакция 07.02.2017
Статус, дата на статуса Минев Младен
Служител, извършил регистрацията/редакцията 30530
944 ## - СЪЗДАВАНЕ И РЕДАКЦИЯ на ЗАПИСА
Създаване/Редакция Редакция
Дата на регистрацията/редакция 06.03.2017
Статус, дата на статуса ф /
Служител, извършил регистрацията/редакцията Людмила_Стоянова
999 ## - СИСТЕМНИ КОНТРОЛНИ НОМЕРА
Koha biblionumber 190982
Koha biblioitemnumber 190982
Наличности
Код за отписване Код за изгубен артикул Код за повреда Коз за рестрикции Код за отдаване Артикулен № Име на библиотеката - собственик Име на библиотеката, в която се намира в момента Статус (Текущо местоположение) Дата на вписване в системата Местоположение - отдел Цена в лева Инвентарен номер Систематично азбучна сигнатура Баркод Номер на екземпляра Цена в евро Служебна бележка Служебен тип на артикула
  Не е изгубен Не е повреден без рестрикции ползва се в читалня 335701 Регионална библиотека "Любен Каравелов" Русе Регионална библиотека "Любен Каравелов" Русе Хранилище 2017-02-10 Хранилище 22.00 120000808317 Цб 284253 120000808317 1 11.25 Дост: Dp Вид: Д N: 2 Дата: 05.01.2017 Книги
  Не е изгубен Не е повреден без рестрикции заемане за дома 335702 Регионална библиотека "Любен Каравелов" Русе Регионална библиотека "Любен Каравелов" Русе Заемна - подръчен фонд 2017-02-24 Заемна - подръчен фонд 17.20 120000808662 П 830-31/Д 97 120000808662 2 8.79 Дост: Pk Вид: Ф N: 794 Дата: 20.02.2017 Дата инв: 12.02.2018 Бележки инв: П2018 Книги
Vip Innovations Ltd, Rousse, Bulgaria 2025